000 00911nas a2200313 4500
001 BR2016001837
003 BR-BrBNA
005 20231205130312.0
007 ta
008 230509b bl.|||p| |||| 00| 00por d
040 _aBR-BrBNA
_bpor
_cBiblioteca Nacional de Agricultura
041 _a(En)
072 _aL70; L70; M12
100 1 _aFeranti, J.P.S.
100 1 _aGuimarães, L.D.
100 1 _aOliveira, M.T. de
100 1 _aHartmann, H.F.
100 1 _aSouza, F.W. de
100 1 _aCorrêa, L.F.D.
100 1 _aSilva, M.A.M.
100 1 _aBrun, M.V.
245 1 _aCelioscopic liver biopsy in silver catfish (Rhamdia quelen)
650 _aBAGRE
650 _aBIOPSIA
650 _aVETERINÁRIA
773 0 _tPesquisa Veterinária Brasileira (Brazil)
_xISSN 0100-736X
_g(Jan 2015), v. 35(1) p. 19-22
_wBR2016001837
909 _a202311
_bLúcia
_c55
_dLúcia Elande
942 _2AGRIS
_n0
_cANA
999 _c248743
_d248743